| 000 | 00369nam a2200121Ia 4500 | ||
|---|---|---|---|
| 008 | 220217s9999 xx 000 0 und d | ||
| 245 | 0 | _aTesting of elastomers. Determination of permeability of elastomers sheeting to liquid fuels. | |
| 260 | _c1975 | ||
| 500 | _aStandard number: DIN 53 532 | ||
| 650 | _aElastomers | ||
| 650 | _aLiquid fuel permeability | ||
| 942 | _cST | ||
| 999 |
_c73340 _d73340 |
||